[Event "Finland Team Ch 2010-2011"]
[Site "Helsinki FIN"]
[Date "2010.10.16"]
[Round "2"]
[White "Wendelin, Melanie"]
[Black "Kauppinen, Janne"]
[Result "1/2-1/2"]
[Section "III Division:5"]
[Board "5"]
[WhiteTeam "Ekenäs Schackklub"]
[BlackTeam "Lauttasaaren Shakkikerho 3"]
[WhiteElo "1310"]
[BlackElo "1436"]

1.c4 Nf6 2.Nc3 e5 3.d3 c6 4.Nf3 d6 5.g3 Be7 6.Bg2 a5 7.O-O O-O 8.Bd2
b6 9.b3 Bb7 10.Qc1 Nbd7 11.Ng5 h6 12.Nge4 Nxe4 13.Nxe4 Kh7 14.f4 exf4
15.Bxf4 Nf6 16.Nxf6+ Bxf6 17.Rb1 Bg5 18.Bxg5 Qxg5 19.Qxg5 hxg5 20.Be4+
g6 21.Rf6 Rad8 22.Rbf1 Kg7 23.a4 Ba8 24.h3 d5 25.cxd5 cxd5 26.Bg2 Rb8
27.Rd6 Rfd8 28.Rff6 b5? (28...Rxd6 29.Rxd6 Kf8) 29.Rxd8 Rxd8 30.Ra6
bxa4 31.bxa4 f5 32.Rxa5 Kh6 33.Ra7 Re8 34.Kf2 Bc6 35.a5 g4 36.h4 g5
37.hxg5+ Kxg5 38.a6 Rf8 39.e3 Rb8 40.d4?? (40.Rc7) Rb2+ 41.Kg1 Rb1+
42.Kf2 Rb2+ 43.Kg1 Rb1+ 1/2-1/2

[Event "Finland Team Ch 2010-2011"]
[Site "Helsinki FIN"]
[Date "2010.11.20"]
[Round "3"]
[White "Paronen, Petteri"]
[Black "Kauppala, Pekka"]
[Result "0-1"]
[Section "II Division:1"]
[Board "1"]
[WhiteTeam "Shakkikerho X"]
[BlackTeam "Lauttasaaren Shakkikerho"]
[WhiteElo "2120"]
[BlackElo "2160"]

1.e4 Nc6 2.Nf3 d6 3.d4 Bg4 4.Bb5 a6 5.Bxc6+ bxc6 6.h3 Bh5 7.Qe2 e6
8.c4 Be7 9.Nc3 Nf6 10.Bf4 O-O 11.e5 Nd7 12.g4 Bg6 13.O-O-O c5 14.h4 h5
15.gxh5 Bxh5 16.Ne4?? (16.dxc5 {=}) cxd4 17.Rxd4 dxe5 18.Rxd7 Qxd7
19.Bxe5 Rad8 20.Bxg7 Kxg7 21.Rg1+ Bg6 22.h5 Qd3 23.Qxd3 Rxd3 24.Ne5
Rd4 25.Nd2 Kf6 26.Nef3 Rxd2 27.Nxd2 Bxh5 28.a3 Kf5 29.Kc2 Bg6 30.Rg3
Rd8 0-1

[Event "Finland Team Ch 2010-2011"]
[Site "Helsinki FIN"]
[Date "2010.11.20"]
[Round "3"]
[White "Heikkinen, Jyrki"]
[Black "Oksanen, Timo"]
[Result "0-1"]
[Section "II Division:1"]
[Board "2"]
[WhiteTeam "Lauttasaaren Shakkikerho"]
[BlackTeam "Shakkikerho X"]
[WhiteElo "2072"]
[BlackElo "1964"]

1.d4 d5 2.e4 e6 3.c4 dxe4 4.Nc3 Nf6 5.Be3 Nc6 6.f3 Bb4 7.a3 Bxc3+
8.bxc3 O-O 9.Qc2 exf3 10.Nxf3 Ne7 11.Ne5 Nf5 12.Bf2 c5 13.g4 Nd6
14.Bd3 cxd4 15.cxd4 Qa5+ 16.Kf1 b5 17.c5 Nc4 18.g5 Nxe5 19.gxf6
(19.dxe5! Nd5 20.Bxh7+ Kh8 21.Be4 {=}) Nxd3 20.Qxd3 b4 21.Qg3 Ba6+
22.Kg2 Bb7+ 23.Kh3 g6 24.Qg5 (24.Rhb1! {=/+}) Qd8 25.Rhg1 b3 26.Rg4
(26.Bh4 Qd5 27.Qh6 Qf3+ 28.Rg3 Qf5+ {=}) Kh8 27.Bg3 Qd5 28.Qh6 Qh5+
29.Qxh5 gxh5 30.Rf4 Rg8 31.Rb1 Bd5 32.Kh4 Rg6 33.Rb2 Rc8 34.Kxh5 Rc6
35.Be1 Kg8 36.Kh4 Kf8 37.Ba5 Ra6 38.Bb4 Ra4 39.c6+ Ke8 40.Bd6 Kd8
41.Kh3 Ra6 42.Bc5 Kc7 43.Rf1 Kxc6 44.Be7 Kb5 45.Bb4 Rc6 46.Rff2 Rc1
47.Rf4 a5 48.Bd6 a4 (48...Rc3+! 49.Kh4 Rh6+ 50.Kg4 Rch3 {-+}) 49.Rff2
Rcg1 50.Bg3 Kc4 51.Rbd2 Ra1 52.Bd6 Re1 53.Be5 Re4 54.Rd1 Rgg4 55.Rfd2
Rh4+ 56.Kg3 Reg4+ 57.Kf2 Rh3 58.Bg3 Rh5 59.Ke3 Rf5 60.Rc1+ Kb5 61.Rc5+
Kb6 62.Kd3 Rf3+ 63.Ke2 Rxf6 64.Kd3 Rf1 65.Kc3 Rc1+ 66.Kb2 Rxc5
67.dxc5+ Kxc5 68.Re2 Re4 69.Rf2 f5 70.Bb8 Rg4 71.Kc3 Rc4+ 72.Kd3 Be4+
73.Ke3 Rc2 74.Rxc2+ bxc2 75.Kd2 Kd5 76.Bf4 e5 0-1

[Event "Finland Team Ch 2010-2011"]
[Site "Helsinki FIN"]
[Date "2010.11.20"]
[Round "3"]
[White "Tervaniemi, Kimmo"]
[Black "Sobenin, Evgeny"]
[Result "0-1"]
[Section "II Division:1"]
[Board "2"]
[WhiteTeam "Shakkikerho X"]
[BlackTeam "Lauttasaaren Shakkikerho"]
[WhiteElo "1901"]
[BlackElo "1931"]

1.d4 Nf6 2.c4 d6 3.Nc3 g6 4.e4 Bg7 5.Be2 O-O 6.Nf3 Na6 7.Be3 c5 8.d5
Nc7 9.O-O Rb8 10.Nd2 e6 11.a4 e5 12.Rb1 a5 13.f4 exf4 14.Bxf4 Re8
15.Qe1 Bg4 16.Bg5 Bxe2 17.Qxe2 h6 18.Bh4 g5 19.Bg3 Qe7 20.h4 Nd7
21.hxg5 hxg5 22.Rf5 Bd4+ 23.Bf2 Bxf2+ 24.Qxf2 f6 25.Rf1 (25.e5! Nxe5
26.Nce4) Kh8 26.Nf3 Rg8 27.Qg3 Rg7 28.Nh2 Rf8 29.Ng4 Rh7 30.Qf3 Ne8
31.e5? dxe5 32.Ne4 Ng7 33.Rxf6 Nxf6 34.Nexf6?? (34.d6 {-/+}) Nh5 35.Qd3
0-1

[Event "Finland Team Ch 2010-2011"]
[Site "Helsinki FIN"]
[Date "2010.11.20"]
[Round "3"]
[White "Wigelius, Pentti"]
[Black "Konttinen, Timo"]
[Result "0-1"]
[Section "II Division:1"]
[Board "4"]
[WhiteTeam "Lauttasaaren Shakkikerho"]
[BlackTeam "Shakkikerho X"]
[WhiteElo "1941"]
[BlackElo "1874"]

1.e4 c5 2.Nf3 Nc6 3.d4 cxd4 4.Nxd4 g6 5.Nc3 Bg7 6.Be3 Nf6 7.f3 Qb6
8.Qd2 (8.Nf5! Qxb2 9.Nxg7+ Kf8 10.Na4 Qe5 11.Bh6 Nxe4 12.Be2) Nxe4
9.fxe4 Bxd4 10.Bxd4 Qxd4 11.Qxd4 Nxd4 12.O-O-O Nc6 13.Be2 d6 14.Nd5
Kd8 15.Rhf1 Be6 16.Kb1 f6 17.Nf4 Bf7 18.c4 b6 19.b3 h5 20.Kb2 g5
21.Nd5 Bg6 22.Nxf6 exf6 23.Rxd6+ Kc7 24.Rxc6+ Kxc6 25.Rxf6+ Kc5??
26.Rxg6?? (26.Kc3 a5 27.a3 {+-}) Rag8 27.Re6 Re8 28.Rg6 Rhg8 29.Bxh5
Rxg6 30.Bxg6 Rh8 31.h3 Kd4 (31...g4 32.hxg4 Kd4) 32.Bf5 Rd8 33.a3 a5
34.Kc2 Ke3 35.e5 Kf4 36.Be6 Kxe5 37.Bd5 Kd4 38.a4 Re8 39.Kd2 Re3 40.c5
bxc5 41.Bc4 Rg3 42.Be6 Rxg2+ 43.Ke1 Kd3 44.Kf1 Rg3 45.Kf2 0-1

[Event "Finland Team Ch 2010-2011"]
[Site "Helsinki FIN"]
[Date "2010.11.20"]
[Round "3"]
[White "Nyman, Leif"]
[Black "Järvinen, Seppo"]
[Result "1/2-1/2"]
[Section "II Division:1"]
[Board "5"]
[WhiteTeam "Shakkikerho X"]
[BlackTeam "Lauttasaaren Shakkikerho"]
[WhiteElo "1766"]
[BlackElo "1799"]

1.d4 d5 2.c4 e6 3.Nf3 Nf6 4.Bg5 Be7 5.Nc3 h6 6.Bh4 O-O 7.e3 c6 8.Qc2
Nbd7 9.Bd3 dxc4 10.Bxc4 Nd5 11.Bg3 Nxc3 12.bxc3 b6 13.O-O Bb7 14.Rfe1
c5 15.e4 cxd4 16.cxd4 Nf6 17.Qd3 Nh5 18.Be5 Bf6 19.Rad1 Bxe5 20.Nxe5
Qg5 21.Qf3 Rad8 22.Qg4 Nf6 23.Qxg5 hxg5 24.f3 Nd7 25.Ng4 Rc8 26.Rc1
Rc7 27.Bb5 Rfc8 28.Rxc7 Rxc7 29.Kf2 Kf8 30.Re2 a6 31.Bd3 Rc3 32.Ke3 g6
33.Rc2 Rxc2 34.Bxc2 Bc6 35.Bd3 a5 36.Kd2 b5 37.Ne3 Nf6 38.Nc2 Nd7
39.Na3 b4 40.Nc4 a4 41.Na5 Ba8 42.Bb5 Nb6 43.Bc6 (43.Kd3) b3 44.axb3
Bxc6 45.Nxc6 axb3 46.Kc3 b2 47.Kxb2 Nc4+ 48.Kc3 Ne3 49.g3? (49.g4) Nf1
50.Kd3 Nxh2 51.Ke2 g4 52.f4 Nf3 53.Ke3 f5 54.Ne5 Nxe5 55.fxe5 Ke7
56.d5 exd5 57.exd5 g5 58.Kf2 1/2-1/2

[Event "Finland Team Ch 2010-2011"]
[Site "Helsinki FIN"]
[Date "2010.11.20"]
[Round "3"]
[White "Turtiainen, Kimmo"]
[Black "Koskela, Niina"]
[Result "0-1"]
[Section "II Division:2"]
[Board "1"]
[WhiteTeam "Lauttasaaren Shakkikerho 2"]
[BlackTeam "Käpylän Shakkikerho"]
[WhiteElo "1793"]
[BlackElo "2234"]

1.d4 Nf6 2.c4 e6 3.Nc3 Bb4 4.Qc2 c5 5.dxc5 O-O 6.a3 Bxc5 7.Nf3 Qb6
8.e3 Qc7 9.b4 Be7 10.Bb2 a6 11.Be2 d6 12.Rc1 Nbd7 13.O-O b6 14.Rfd1
Bb7 15.Rd2 Rac8 16.Qd1 Qb8 17.Ne1 Rfe8 18.f3 Rc7 19.Nc2 Ne5 20.Rd4
Rec8 21.Qf1 Qa7 22.b5 a5 23.e4 d5 24.Kh1 (24.exd5 exd5 25.Ne3) Nxc4
25.Bxc4 dxc4 26.Rcd1 Qb8 27.e5 Nd5 28.Qe1 Bc5 29.Rg4 h5 30.Rg5 g6
31.Ne4 Be7 32.Nf6+ Kf8 33.Qh4? (33.Bd4) c3 34.Bxc3 Rxc3?! (34...Bxf6
{-+}) 35.Nd7+ Ke8 36.Nxb8 Rxc2 37.Nc6 Bxc6 38.bxc6 R8xc6 39.f4 Ne3
(39...Rc1) 40.Rg1 Ng4 41.h3 Nf2+ 42.Kh2 R6c3 43.Rf1 Nxh3 44.Qe1 Nxg5
45.fxg5 Rxa3 46.Qe4 Raa2 47.Qa8+ Bd8 48.Rd1 Rxg2+ 49.Kh1 Rh2+ 50.Kg1
Rag2+ 51.Kf1 Rh1+ 52.Kxg2 Rxd1 53.Qc6+ Kf8 54.Qc2 Rd5 55.Qc8 Kg7
56.Qb8 b5 57.Qa8 b4 58.Kf3 Bxg5 59.Ke4 Bd2 60.Qa7 0-1

[Event "Finland Team Ch 2010-2011"]
[Site "Helsinki FIN"]
[Date "2010.11.20"]
[Round "3"]
[White "Haapasalo, Jukka-Pekka"]
[Black "Piippo, Mikko"]
[Result "0-1"]
[Section "II Division:2"]
[Board "2"]
[WhiteTeam "Käpylän Shakkikerho"]
[BlackTeam "Lauttasaaren Shakkikerho 2"]
[WhiteElo "2075"]
[BlackElo "1798"]

1.e4 d5 2.Nc3 dxe4 3.Nxe4 Bf5 4.Ng3 Bg6 5.Nf3 Nf6 6.Bc4 e6 7.h4 h6
8.Ne5 Bh7 9.Qe2 Bd6?? 10.Nxf7 Kxf7 11.Qxe6+ 1-0

[Event "Finland Team Ch 2010-2011"]
[Site "Helsinki FIN"]
[Date "2010.11.20"]
[Round "3"]
[White "Siikonen, Timo"]
[Black "Holopainen, Timo"]
[Result "0-1"]
[Section "II Division:2"]
[Board "3"]
[WhiteTeam "Lauttasaaren Shakkikerho 2"]
[BlackTeam "Käpylän Shakkikerho"]
[WhiteElo "1762"]
[BlackElo "2066"]

1.e4 c5 2.f4 e6 3.Nf3 d5 4.exd5 exd5 5.Bb5+ Bd7 6.Qe2+ Qe7 7.Ne5 a6
8.Bxd7+ Nxd7 9.Nc3 Ngf6 10.O-O O-O-O 11.Nxd7 Qxe2 12.Nb6+ Kc7
13.Nbxd5+ Nxd5 14.Nxe2 Nb4 15.c3 Nd3 16.b3 Nxc1 17.Rfxc1 Rxd2 18.Ng3
Bd6 19.Ne4 Re2 20.Nxd6 Kxd6 21.Re1 Rhe8 22.Rad1+ Kc6 23.Kf1 Rxe1+
24.Rxe1 Rxe1+ 25.Kxe1 Kd5 26.Ke2 Ke4 27.g3 h5 28.h4 f5 29.c4 a5 0-1

[Event "Finland Team Ch 2010-2011"]
[Site "Helsinki FIN"]
[Date "2010.11.20"]
[Round "3"]
[White "Varjokallio, Matti"]
[Black "Toivonen, Aulis"]
[Result "1-0"]
[Section "II Division:2"]
[Board "5"]
[WhiteTeam "Lauttasaaren Shakkikerho 2"]
[BlackTeam "Käpylän Shakkikerho"]
[WhiteElo "1611"]
[BlackElo "1917"]

1.e4 e6 2.d4 d5 3.e5 c5 4.c3 Nc6 5.Nf3 Bd7 6.Na3 a6 7.Nc2 Rc8 8.Bd3 $1
cxd4 9.cxd4 Nb4 10.Nxb4 Bxb4+ 11.Bd2 Bxd2+ 12.Qxd2 h6 13.Qb4 b5 14.O-O
Ne7 15.Qa3 a5 16.Rac1 b4 17.Rxc8 Nxc8 18.Qb3 Nb6 19.Qc2 O-O 20.Rc1 Na4
21.Nd2 Qc8 22.Nb3 Qd8 23.f4 Qb6 24.Nc5 Qxc5 $4 {"piti ottaa ratsulla"
ja musta luovutti} (24...Nxc5 $2 25.Qxc5 $16 {Valkealla 30 min. ja
mustalla 7 min.}) (24...Rc8 $11) 1-0

[Event "Finland Team Ch 2010-2011"]
[Site "Raasepori FIN"]
[Date "2010.11.20"]
[Round "3"]
[White "Heimonen, Arto"]
[Black "Nyman, Leif"]
[Result "1/2-1/2"]
[Section "III Division:5"]
[Board "1"]
[WhiteTeam "Lauttasaaren Shakkikerho 3"]
[BlackTeam "Åminnefors Schackklubb"]
[WhiteElo "1569"]
[BlackElo "1735"]

1.e4 e5 2.Nf3 Nc6 3.Bb5 a6 4.Ba4 b5 5.Bb3 d6 6.Bd5 Bd7 7.d4 f6 8.dxe5
dxe5 9.Bxg8 Rxg8 10.O-O Be6 11.Nfd2 Bf7 12.f4 Bc5+ 13.Kh1 Qd7 14.Nb3
Qxd1 15.Rxd1 Bd6 16.fxe5 Bxe5 17.c3 Rd8 18.Rxd8+ Kxd8 19.Nc5 a5 20.Na3
b4 21.cxb4 axb4 22.Nc2 Ke7 23.Bd2 Rd8 24.Nxb4 Rxd2 25.Nxc6+ Kd6
26.Nxe5 fxe5 27.Nb7+ Kc6 28.Na5+ Kb6 29.Nb3 Bxb3 (29...Rxb2) 30.axb3
Rxb2 31.h3 Rxb3 32.Rd1 Re3 33.Rb1+ Kc6 34.Rc1+ Kd6 35.Rd1+ Kc6 36.Rc1+
1/2-1/2

[Event "Finland Team Ch 2010-2011"]
[Site "Raasepori FIN"]
[Date "2010.11.20"]
[Round "3"]
[White "Ekström, Håkan"]
[Black "Koivusalo, Riku"]
[Result "1-0"]
[Section "III Division:5"]
[Board "2"]
[WhiteTeam "Åminnefors Schackklubb"]
[BlackTeam "Lauttasaaren Shakkikerho 3"]
[WhiteElo "1680"]
[BlackElo "1571"]

1.e4 c5 2.Nf3 e6 3.Nc3 a6 4.Be2 d6 5.d4 cxd4 6.Nxd4 Nf6 7.Nf3 Be7
8.O-O b5 9.b3 Bb7 10.e5 dxe5 11.Qxd8 Bxd8 12.Nxe5 Nbd7 13.Nxd7 Nxd7
14.Bd3 Bf6 15.Bb2 Rc8 16.Nd1 Ne5 17.f4 Nxd3 18.Bxf6 Rxc2 19.Ne3 gxf6?
(19...Re2 20.Bd4 O-O {-/+}) 20.Nxc2 Rg8 21.Ne3 f5 22.h3? (22.a4) Rg3
23.Rfe1 Nxe1 24.Rxe1 Ke7?? (24...h5) 25.Nxf5+ 1-0

[Event "Finland Team Ch 2010-2011"]
[Site "Raasepori FIN"]
[Date "2010.11.20"]
[Round "3"]
[White "Valli, Kari"]
[Black "Appelgren, Alpo"]
[Result "1-0"]
[Section "III Division:5"]
[Board "3"]
[WhiteTeam "Lauttasaaren Shakkikerho 3"]
[BlackTeam "Åminnefors Schackklubb"]
[WhiteElo "1562"]
[BlackElo "1686"]

1.d4 d5 2.Nf3 Nf6 3.Bf4 e6 4.e3 Nbd7 5.Bd3 c5 6.c3 c4 7.Bc2 b5 8.a3 a5
9.Nbd2 Bb7 10.O-O Be7 11.Ne5 O-O 12.Ndf3 Ne4 13.Nxd7 Qxd7 14.Ne5 Qd8
15.f3 Nd6 16.Qe2 f5 17.Bg3 Bg5 18.Bf4 Bf6 19.Qf2 Kh8 20.Rfe1 g5 21.Bg3
Be7 22.Qe2 f4 23.exf4 gxf4 24.Bf2 Bc8 25.Nc6 Qe8 26.Nxe7 Qxe7 27.Qe5+
Kg8 28.h4 (28.Qxd5) Ne8 29.h5 Qg7 30.Bh4 Qh6 31.Qg5+ (31.Bg5 Qxh5
32.Kf2 h6 33.Bxf4) Qxg5 32.Bxg5 Ng7 33.h6 Nh5 34.Re5 Rf7 35.Bh4 Nf6
36.Rg5+ Kf8 37.Kf2 Ng8 38.Rh5 Nf6 39.Bxf6 Rxf6 40.Bxh7 Ke7??
(40...Ra7) 41.Bg8 Bd7 42.h7 Rg6 43.Rg1 (43.h8=Q Raxg8 44.Rh7+ Ke8
45.Rah1 {+-}) Raxg8 44.hxg8=Q Rxg8 45.Rh7+ Kd6 46.g4 Rg5 47.Rh6 Ke7
48.Re1 Kf7 49.Re5 Rg7 50.Reh5 Ke7 51.Rh7 Kf7 52.Rxg7+ Kxg7 53.Re5 Kf6
54.Kg2 Be8 55.Kh3 Bg6 56.g5+ Ke7 57.Kg4 Kf7 58.Kxf4 Bh7 59.Kg4 Bd3
60.Kh5 Bg6+ 61.Kh6 Bd3 62.f4 Be4 63.g6+ (63.f5 Bxf5 64.Rxf5+ exf5
65.Kh7) Bxg6 64.Rxe6 Be4 65.Ra6 a4 66.Kg5 Bf3 67.f5 Be4 68.Ra7+ Kg8
69.f6 Kf8 70.Kh6 Bf5 71.f7 Be4 72.Kg5 Kg7 73.Kf4 Bg6 74.f8=Q+ Kxf8
75.Kg5 Be4 76.Kf6 Ke8 77.Ke6 Kd8 78.Kd6 Kc8 79.Kc6 Kb8 80.Rb7+ Kc8
81.Rxb5 Kd8 82.Rb7 Bf3 83.Ra7 Bg4 84.Kd6 1-0

[Event "Finland Team Ch 2010-2011"]
[Site "Raasepori FIN"]
[Date "2010.11.20"]
[Round "3"]
[White "Holmberg, Per-Erik"]
[Black "Kauppinen, Janne"]
[Result "1/2-1/2"]
[Section "III Division:5"]
[Board "4"]
[WhiteTeam "Åminnefors Schackklubb"]
[BlackTeam "Lauttasaaren Shakkikerho 3"]
[WhiteElo "1592"]
[BlackElo "1428"]

1.e4 c5 2.Nf3 d6 3.d4 cxd4 4.Nxd4 Nf6 5.Nc3 a6 6.Be2 Nc6 7.O-O Nxd4
8.Qxd4 e5 9.Qe3 Be7 10.Qg3 Kf8 11.Kh1 h5 12.h3 h4 13.Qd3 b5 14.a3 Be6
15.Bg5 Bc4 16.Qd2 Bxe2 17.Qxe2 Nd7 18.Bxe7+ Qxe7 19.Rad1 Rc8 20.Rd2
(20.a4) Nf6 21.Rfd1 Rc6 22.Nd5 Nxd5 23.Rxd5 Rh6 24.c3 Qg5 25.Qd2
(25.a4) Qxd2 26.R5xd2 Ke7 27.Ra1 Rc4 28.f3 g6 29.Rad1 Rc6 30.Ra1 Rc4
31.Ra2 f5 32.Re2 Ke6 33.Ra1 g5 34.Rd1 Rg6 35.Rde1 fxe4 36.fxe4 g4
37.hxg4 Rxg4 38.Kh2 Rf4 39.Kh3 Rc8 40.Rd1 Rg8 41.Red2 Rd8 42.Re2
1/2-1/2

[Event "Finland Team Ch 2010-2011"]
[Site "Espoo FIN"]
[Date "2011.01.22"]
[Round "4"]
[White "Kauppala, Pekka"]
[Black "Ebeling, Daniel"]
[Result "1/2-1/2"]
[Section "II Division:1"]
[Board "1"]
[WhiteTeam "Lauttasaaren Shakkikerho"]
[BlackTeam "Matinkylän Shakkikerho 3"]
[WhiteElo "2169"]
[BlackElo "2203"]

1.g3 e5 2.Bg2 Nf6 3.Nf3 e4 4.Nd4 c5 5.Nb3 c4 6.Nd4 Bc5 7.c3 O-O 8.O-O
d5 9.d3 Bxd4 10.cxd4 cxd3 11.exd3 Nc6 (11...Bg4!) 12.dxe4 dxe4 13.Bg5
Nxd4 14.Nc3 h6 15.Bxf6 (15.Be3) Qxf6 16.Bxe4 Bf5 17.Bxf5 Nxf5 18.Qf3
Qe5 19.Rfe1 Nd4 20.Qd3 (20.Qxb7!) Qc5 21.b4 Qxb4 22.Re4 Rfd8 23.Rd1
Rac8 24.Rxd4 Rxd4 25.Qxd4 Qxd4 26.Rxd4 Rxc3 27.Rd8+ Kh7 28.Rd7 Ra3
29.Rxb7 Rxa2 30.Rxf7 Kg6 31.Rb7 a5 32.Ra7 a4 33.Kg2 Kf6 34.Ra5 g6
35.Kf3 1/2-1/2

[Event "Finland Team Ch 2010-2011"]
[Site "Espoo FIN"]
[Date "2011.01.22"]
[Round "4"]
[White "Möttönen, Ari"]
[Black "Heikkinen, Jyrki"]
[Result "1/2-1/2"]
[Section "II Division:1"]
[Board "2"]
[WhiteTeam "Matinkylän Shakkikerho 3"]
[BlackTeam "Lauttasaaren Shakkikerho"]
[WhiteElo "2008"]
[BlackElo "2059"]

1.d4 Nf6 2.c4 g6 3.Nc3 d5 4.Nf3 Bg7 5.Bg5 O-O 6.e3 Ne4 7.cxd5 Nxg5
8.Nxg5 e6 9.Nf3 exd5 10.Be2 c6 11.O-O Qe7 12.Qd2 h5 13.Na4 Nd7 14.b4
b5 15.Nb2 Nb6 16.Qc3 Bd7 (16...Nc4) 17.Ne5 Be8 (17...Bxe5 18.dxe5 a5)
18.Qc5 Qe6 (18...Qxc5! 19.bxc5 Nc4 20.Nbd3 a5) 19.Nbd3 Bxe5 20.dxe5
Nc4 21.Qd4 a5 22.a3 (22.a4!) f6 23.f4 axb4 (23...Qe7!) 24.axb4 Rxa1
25.Rxa1 fxe5 26.fxe5 Bf7 27.Rf1 Be8 28.Rf4 g5 29.Rxf8+ Kxf8 30.e4 dxe4
31.Qxe4 Bg6 32.Nc5 Qe8 (32...Qd5! 33.Qxg6 Qd4+ 34.Kf1 Ne3+ 35.Ke1
(35.Kf2?? Ng4+ 36.Ke1 Qc3+ {-+}) Qxb4+ 36.Kf2 Ng4+ 37.Bxg4 Qxc5+ {=})
33.Qd4 Nb6 34.Qd6+ Kg8 35.Qf6 (35.Bxb5) Nd5 36.Qxg5 Kh7 37.Bd3 Nxb4?
(37...Bxd3 38.Nxd3 Qg6 {+/-}) 38.Qxh5+ (38.Ne4! Qf7 39.Nf6+ Kg7 40.Nxh5+
Kh7 41.Nf6+ Kg7 42.Bxg6 Qxg6 43.Ne8+ Kf7 44.Nd6+ Kg7 45.Nf5+ Kf7
46.Qe7+ Kg8 47.Qd8+ Kf7 48.Qd7+ Kf8 49.e6 Nd5 50.e7+ Nxe7 51.Qxe7+ {+-})
Kg7 39.Qxg6+ Qxg6 40.Bxg6 Kxg6 41.Kf2 (41.g4 Kg5 42.h3 Nd5) Kf5 42.e6
Nd5 43.h4 Kf6 (43...Nc7? 44.e7 Kf6 45.Na6 Ne8 46.Nb4 c5 47.Nd5+ Kf7
48.h5 {+/-}) 44.g4 Nc7 45.h5 Nxe6 46.Nxe6 Kxe6 47.h6 Kf6 48.g5+ Kg6
49.Ke3 1/2-1/2

[Event "Finland Team Ch 2010-2011"]
[Site "Espoo FIN"]
[Date "2011.01.22"]
[Round "4"]
[White "Sobenin, Evgeny"]
[Black "Sjöman, Tapani"]
[Result "1-0"]
[Section "II Division:1"]
[Board "3"]
[WhiteTeam "Lauttasaaren Shakkikerho"]
[BlackTeam "Matinkylän Shakkikerho 3"]
[WhiteElo "1945"]
[BlackElo "1984"]
[Termination "time forfeit"]

1.d4 Nf6 2.c4 c5 3.Nf3 cxd4 4.Nxd4 g6 5.g3 Bg7 6.Bg2 h5 7.h4 Nc6 8.O-O
Qb6 9.Nb3 d6 10.Nc3 Be6 11.Nd5 Bxd5 12.cxd5 Ne5 13.Be3 Qb5 14.Nd4 Qd7
15.Qb3 O-O 16.Rac1 Rfc8 17.Nb5 a6 18.Na7 Rxc1 19.Rxc1 b5 20.Nc6 Nc4
21.Bd4 Re8 22.a4 e6 23.axb5 exd5 24.Bxd5 axb5 25.Bxc4 (25.Bxf6! Bxf6
26.Qxb5) bxc4 26.Qxc4 Ne4 27.Bxg7 Kxg7 28.Nd4 Qg4 29.Nf3 d5 30.Qd3 g5
31.Qd4+ Kg8 32.Qxd5 gxh4 33.Rc7 Rf8 34.Rc4 Re8 35.Ne5 Rxe5 36.Qxe5 1-0

[Event "Finland Team Ch 2010-2011"]
[Site "Espoo FIN"]
[Date "2011.01.22"]
[Round "4"]
[White "Keloharju, Matti"]
[Black "Wigelius, Pentti"]
[Result "0-1"]
[Section "II Division:1"]
[Board "4"]
[WhiteTeam "Matinkylän Shakkikerho 3"]
[BlackTeam "Lauttasaaren Shakkikerho"]
[WhiteElo "1921"]
[BlackElo "1923"]

1.e4 c5 2.Nf3 d6 3.d4 cxd4 4.Nxd4 Nf6 5.Nc3 g6 6.g3 Bg7 7.Bg2 O-O
8.O-O Nbd7 9.Re1 Nc5 10.Bg5 Rb8 11.Qd2 Ne6 12.Be3 Nxd4 13.Bxd4 a6
14.Rad1 Bg4 15.Rc1 Be6 16.Qe3 Ng4 17.Qd2 Ne5 18.Rb1 b5 19.Nd5 Re8
20.b3 Bxd5 21.exd5 Qc7 22.Re2 Nd7 23.Rbe1 Bxd4 24.Qxd4 Nf6 25.g4 Qd8
26.g5 Nh5 27.Re3 Ng7 28.Rh3 Nf5 29.Qg4 h5? (29...Qa5) 30.gxh6 Kh7
31.Be4 Qc8 32.Rf3 e6 33.Rd1 Rg8 34.Qf4? (34.dxe6 {+/=}) e5 35.Qg5 Qd8
36.Qg4? (36.Qxd8) Nxh6 37.Rh3 f5 38.Rxh6+ Kxh6 39.Qh3+ Kg7 40.Bg2 Rh8
41.Qd3 Qh4 42.h3 Rbc8 43.c3 Rc5 44.b4 Rc4 45.Qe3 Qe7 46.Bf1 Rc7 47.Rc1
Rb8 48.a3 Rbc8 49.Qb6?? Rxc3? (49...Qg5+ {-+}) 50.Rxc3 Rxc3 51.Qxa6 Qc7
52.Bxb5 Rxh3 53.Bc6 Qe7 54.Kf1 Qg5 55.Qa7+ Kh6 56.Qb8 Qc1+ 57.Ke2 Qc2+
58.Kf1 Qd1+ 59.Kg2 Qf3+ 0-1

[Event "Finland Team Ch 2010-2011"]
[Site "Espoo FIN"]
[Date "2011.01.22"]
[Round "4"]
[White "Järvinen, Seppo"]
[Black "Sinervuo, Veli-Pekka"]
[Result "1/2-1/2"]
[Section "II Division:1"]
[Board "5"]
[WhiteTeam "Lauttasaaren Shakkikerho"]
[BlackTeam "Matinkylän Shakkikerho 3"]
[WhiteElo "1797"]
[BlackElo "1959"]

1.e4 c5 2.Nf3 Nc6 3.d4 cxd4 4.Nxd4 Nf6 5.Nxc6 bxc6 6.Bd3 e5 7.O-O Be7
8.c4 O-O 9.Nc3 d6 10.b3 Be6 11.Ne2 d5 12.Qc2 dxe4 13.Bxe4 Nxe4 14.Qxe4
Qc7 15.Bb2 Bd6 16.c5 Bxc5 17.Bxe5 Qb6 18.Nf4 Rfe8 19.Qc2? (19.Nh5!)
Rac8 (19...Bxb3! 20.Qc3 Bc4) 20.Qb2 f6 21.Bc3 Bf7 22.Rad1 Qc7 23.Ne2
Bh5 24.Rde1 Rcd8 25.Ng3 Bg6 26.Rxe8+ Rxe8 27.Bd4 Bd6 28.Qc1 c5 29.Bb2
Bf7 30.Re1 Rc8 31.h3 c4 32.bxc4 Qxc4 33.Qxc4 Bxc4 34.Nf5 Bb4 35.Ne7+
Kf8 36.Nxc8 Bxe1 37.Ba3+ Kg8 38.Nxa7 Bc3 39.Nc6 Bxa2 40.Bb4 Bb2 41.Bc5
Kf7 42.Nd4 Bc3 43.Kf1 Ba5 44.Kg1 g6 45.Kh2 f5 46.Nf3 Bd5 47.Bd4 Bb4
48.Ne5+ Ke6 49.Nd3 Bd6 50.Kg1 Bc4 51.Ne1 Kd5 52.Ba7 g5 53.f3 f4 54.Bf2
Bb4 55.h4 h6 56.hxg5 hxg5 57.Nc2 Be7 58.Ne1 Bf6 59.g4 Be2 60.Kg2 Kc4
61.Ba7 Kc3 62.Kf2 Kd2 63.Ng2 Kd1 64.Bb6 Bc4 1/2-1/2

[Event "Finland Team Ch 2010-2011"]
[Site "Helsinki FIN"]
[Date "2011.01.22"]
[Round "4"]
[White "Aumueller, Ingo"]
[Black "Piippo, Mikko"]
[Result "0-1"]
[Section "II Division:2"]
[Board "2"]
[WhiteTeam "Shakkikerho Garde 2"]
[BlackTeam "Lauttasaaren Shakkikerho 2"]
[WhiteElo "1966"]
[BlackElo "1792"]

1.d4 f5 2.e4 fxe4 3.Nc3 Nf6 4.Bg5 Nc6 5.d5 Ne5 6.Qd4 Nf7 7.Bh4 {"Worth
a try" (Valery Beim)} (7.Bxf6 exf6 8.Nxe4 f5) (7.h4) Nd6 (7...g5 8.Bg3
Bg7 9.Nxe4 O-O 10.O-O-O) 8.Qe5 Nf7 9.Qf4 g6 10.g4?! (10.Bxf6 exf6
11.Qxe4+ Qe7 12.O-O-O {=}) Bg7 (10...g5!? 11.Bxg5 Nxg5 12.Qxg5 Rg8
13.Qe3 Rxg4 14.Be2 Rg6 15.Nxe4 {=/+}) 11.O-O-O O-O 12.Nxe4 d6 13.Bxf6?
(13.h3 {=/+}) exf6 14.Kb1 f5 15.gxf5 Bxf5 16.Ng3 Qf6 17.Qb4 a5 18.Qa3
Bd7 19.Ne4 Qe5 20.Nc3 Rfb8 21.Nf3 Qf6 22.Ne4 Qf5 23.Qd3 Ne5 24.Nxe5
Qxe5 25.c3 b5 26.Qe2? (26.Rd2 {-/+}) Bf5 27.f3 b4 28.c4 a4 29.Rd2 a3
30.Qd3 b3 31.axb3 axb2 32.Qd4 Qxd4 0-1

[Event "Finland Team Ch 2010-2011"]
[Site "Helsinki FIN"]
[Date "2011.01.22"]
[Round "4"]
[White "Siikonen, Timo"]
[Black "Ojala, Hannu"]
[Result "0-1"]
[Section "II Division:2"]
[Board "3"]
[WhiteTeam "Lauttasaaren Shakkikerho 2"]
[BlackTeam "Shakkikerho Garde 2"]
[WhiteElo "1757"]
[BlackElo "1942"]

1.e4 c5 2.f4 d6 3.Bb5+ Bd7 4.Bxd7+ Qxd7 5.Nf3 Nc6 6.O-O e6 7.Nc3 Be7
8.d3 Nf6 9.Bd2 O-O 10.a3 a6 11.Qe1 Rac8 12.Qg3 b5 13.f5 exf5 14.Bh6
Ne8 15.exf5 Qxf5 16.Nd4 Qg6 17.Nxc6 Rxc6 18.Qf3 Rc8 19.Nd5 Bg5
(19...Bh4) 20.Bxg5 Qxg5 21.Rae1 Kh8 22.Re7 f6 23.Qh3 (23.Nf4!) Rb8
24.Nf4 f5 25.Rd7 Qf6 26.Qh5 (26.c3) Kg8 27.c3 b4 28.Nd5?? (28.axb4)
Qe6 29.Ne7+ Kh8 30.Ra7 bxc3 31.bxc3 f4 (31...Rf7) 32.Qd5 Qe3+ 33.Kh1
c4 34.Qh5 Qxd3 35.Kg1 Nf6 36.Qh3 Rb6 37.Qe6 Qxc3?? (37...Rb1 {-+})
38.Nc8 (38.Qf7!! Rg8 39.Nxg8 Qd4+ 40.Kh1 Ne4 {=}) Rb8 39.Nxd6 Qd4+ 0-1

[Event "Finland Team Ch 2010-2011"]
[Site "Helsinki FIN"]
[Date "2011.01.22"]
[Round "4"]
[White "Koskinen, Erkki"]
[Black "Varjokallio, Matti"]
[Result "1-0"]
[Section "II Division:2"]
[Board "4"]
[WhiteTeam "Shakkikerho Garde 2"]
[BlackTeam "Lauttasaaren Shakkikerho 2"]
[WhiteElo "1882"]
[BlackElo "1650"]

1.d4 f5 2.Bg5 g6 3.Nd2 Nh6 4.e4 Nf7 5.Be3 fxe4 6.Nxe4 Bg7 7.Nf3 O-O
8.Qd2 d5 9.Nc5 e5 $6 (9...b6 $11) 10.dxe5 Nxe5 11.Nxe5 Bxe5 12.O-O-O
c6 13.Bh6 Qf6 $2 (13...Re8 $11) 14.Nd3 Rf7 $2 (14...Re8) 15.Nxe5 Qxe5
16.Re1 Nd7 17.Rxe5 Nxe5 18.Qe3 1-0

[Event "Finland Team Ch 2010-2011"]
[Site "Kirkkonummi FIN"]
[Date "2011.01.22"]
[Round "4"]
[White "Jalas, Aaro"]
[Black "Sandholm, Klas"]
[Result "0-1"]
[Section "III Division:5"]
[Board "5"]
[WhiteTeam "Lauttasaaren Shakkikerho 3"]
[BlackTeam "Kirkkonummen Shakkikerho"]
[WhiteElo "1597"]
[BlackElo "2149"]

1.f4 Nf6 2.Nf3 g6 3.d3 d5 4.c3 c5 5.Qc2 d4? (5...Nc6) 6.e4? (6.cxd4
cxd4 7.Nxd4) dxe3 7.Bxe3 b6 8.h3 Bg7 9.Nbd2 Nd5 10.Nc4?? (10.Bf2
Nxf4?? 11.Qa4+) b5 11.Bxc5 bxc4 12.dxc4 Nf6 13.Rd1 Qc7 14.Be3 Bb7
15.Qf2 Ne4 16.Qg1 O-O 17.g4? Nxc3 18.bxc3 Bxf3 19.Rd2 Bxc3 20.Rh2 Nc6
21.Kf2 Bxd2 22.Kxf3 Bxe3 23.Qxe3 Rab8 24.Rd2 Rfd8 25.Rxd8+ Rxd8 0-1